| 000 | 00857nam a2200253 a 4500 | ||
|---|---|---|---|
| 001 | 38727 | ||
| 003 | BD-RjUL | ||
| 005 | 20211209052840.0 | ||
| 008 | 160215r19711970nyu b 001 0 eng | ||
| 035 | _a(BD-RjUL)38836 | ||
| 040 |
_aDLC _cDLC _dDLC _dBD-RjUL _beng |
||
| 041 | _aeng | ||
| 082 | 0 | 0 |
_a338.9 _222 _bMEL 1971 |
| 100 | 1 |
_aMeier, Gerald M. _9119474 |
|
| 245 | 1 | 0 |
_aLeading issues in economic development : _bstudies in international poverty / _cby Gerald M. Meier. |
| 250 | _a2nd ed. | ||
| 260 |
_aNew York : _bOxford University Press, _cc1970 [Reprint 1971]. |
||
| 300 |
_axviii, 758 p.; _c25 cm. |
||
| 500 | _aFirst ed. published in 1964 under title: Leading issues in development economics. Includes Index | ||
| 504 | _aIncludes bibliographies. | ||
| 650 | 0 |
_aEconomic development. _9119475 |
|
| 942 |
_2ddc _cBK |
||
| 999 |
_c38727 _d38727 |
||